000 03122nam a2200433 a 4500
001 00003856
003 DO-SdBNP
005 20180309130847.0
007 00003856
008 091125s2012 dr a 000 0 spa d
020 _a9789945117424
040 _aBPMSU
_bspa
_cBPMSU
082 0 4 _a372.63
_bJ61o 5to. 2012
100 1 _aAriza Jiménez Malena, Martha
245 1 0 _aOrtografía 5 :
_beducación básica /
_cMartha Ariza Jiménez Malena ; editora María Isabel Incháustegui ; dirección editorial Obdulia García de Escobar ; ilustración Ruddy Núñez.
260 _aSanto Domingo :
_bSantillana,
_c2012.
300 _a55 p.
_bil. ;
_c28 cm.
490 1 _aInnova
505 0 _gv. 5
_gunidad 1 --
_tOrtografía: El uso de la b --
_tPartición de palabras --
_tPuntuación: El uso del punto y aparte --
_gUnidad 2 --
_tOrtografía: El uso de la v --
_tAcentuación: La tilde en las sílabas tónicas --
_tPuntuación: El uso del punto y coma --
_gUnidad 3 --
_tOrtografía: El uso de la z --
_tPartición de palabras --
_tPuntuación: El uso de la coma --
_gUnidad 4 --
_tOrtografía: El uso de la y --
_tPuntuación: El uso de los dos puntos --
_gUnidad 5 --
_tOrtografía: El uso de la h --
_tAcentuación: Las palabras llanas --
_tPuntuación: El uso de los puntos suspensivos --
_gUnidad 6 --
_tOrtografía: El uso de la g --
_tAcentuación: Las palabras esdrújulas --
_tPuntuación: El uso del paréntesis --
_gUnidad 7 --
_tOrtografía: El uso de la j --
_tAcentuación: Repaso --
_tPuntuación: El uso de los signos de interrogación --
_gUnidad 8 --
_tOrtografía: El uso de la s y de la x --
_tAcentuación: Los hiatos --
_gUnidad 9 --
_tOrtografía: El uso de la cc y de la ct --
_tAcentuación: Diptongos e hiatos --
_gUnidad 10 --
_tProducción escrita: Escribir textos expositivos --
_tProducción escrita: Escribir anuncios --
_gUnidad 11 --
_tProducción escrita: Escribir secuencias temporales --
_tProducción escrita: Escribir noticias --
_gUnidad 12 --
_tProducción escrita: Escribir historietas --
_tProducción escrita: Escribir descripciones de lugares --
_gUnidad 13 --
_tProducción escrita: Rellenar fichas --
_tProducción escrita: Escribir anécdotas --
650 4 _aESPAÑOL
_xORTOGRAFÍA
_xENSEÑANZA BÁSICA
650 4 _aESPAÑOL
_xORTOGRAFÍA
_xEDUCACIÓN PRIMARIA
650 4 _aESPAÑOL
_xORTOGRAFÍA
_xESTUDIOS Y EJERCICIOS
650 4 _aESPAÑOL
_xORTOGRFÍA
_xLIBROS DE TEXTOS
650 4 _aEDUCACIÓN PRIMARIA
_zREPÚBLICA DOMINICANA
700 1 _aIncháustegui, María Isabel,
_eed.
700 1 _aNúñez, Ruddy,
_eil.
700 1 _aGarcía de Escobar, Obdulia,
_eed.
830 0 _aInnova
910 _aValidado. Control de calidad MFF
930 1 _lBND01
_mLF1
_820091130
_f01
_pHD
_g8732
930 1 _lBND01
_mLF1
_820091130
_f01
_pHD
_g8732
_hv. 2
930 1 _lBND01
_mLF1
_820091130
_f04
_pHD
_g8733
_hv. 3
930 1 _lBND01
_mLF1
_820091204
_f01
_pHD
_g8733
_hv. 4
930 1 _lBND01
_mLF1
_820091204
_f01
_pHD
_g8733
_hv. 5
930 1 _lBND01
_mLF1
_820091204
_f04
_pHD
_g8733
_hv. 6
942 _2ddc
_cBK
945 _aRemanejado para la Bib. BNPHU, 2018/ YL
956 _aLOPEREZ
_b10
_c20160413
_lBPMSU
_h00041
999 _c9737
_d9737